| 000 | 01156nas a2200385 4500 | ||
|---|---|---|---|
| 001 | BR0804174 | ||
| 003 | BR-BrBNA | ||
| 005 | 20231205112335.0 | ||
| 007 | ta | ||
| 008 | 230509b bl.|||p| |||| 00| 00por d | ||
| 040 |
_aBR-BrBNA _bpor _cBiblioteca Nacional de Agricultura |
||
| 041 | _a(Pt) | ||
| 072 | _aL51 | ||
| 100 | 1 | _aMacedo, C.A.B. de | |
| 100 | 1 | _aMizubuti, I.Y. | |
| 100 | 1 | _aMoreira, F.B. | |
| 100 | 1 | _aPereira, E.S. | |
| 100 | 1 | _aRibeiro, E.L. de A. | |
| 100 | 1 | _aRocha, M.A. da | |
| 100 | 1 | _aRamos, B.M. de O. | |
| 100 | 1 | _aMori, R.M. | |
| 100 | 1 | _aPinto, A.P. | |
| 100 | 1 | _aAlves, T.C. | |
| 100 | 1 | _aCasimiro, T.R. | |
| 245 | 1 | _aComportamento ingestivo de ovinos recebendo dietas com diferentes níveis de bagaço de laranja em substituição à silagem de sorgo na ração | |
| 650 | _aOVINO | ||
| 650 | _aDIETA | ||
| 650 | _aRAÇÃO | ||
| 650 | _aBAGAÇO | ||
| 650 | _aINGESTÃO | ||
| 650 | _aCOMPORTAMENTO ANIMAL | ||
| 773 | 0 |
_tRevista Brasileira de Zootecnia (Brazil) _xISSN 1516-3598 _g(Nov-Dec 2007), v. 36(6) p. 1910-1916 _wBR0804174 |
|
| 909 |
_a202311 _bLúcia _c55 _dLúcia Elande |
||
| 942 |
_2AGRIS _n0 _cANA |
||
| 999 |
_c197520 _d197520 |
||